000 00673nam a2200217 a 4500
001 8275
003 CO-ViMGA
008 141112s2004 ck r 000 u spa d
020 _a9583003158
040 _aCO-ViMGA
_bspa
_cCO-ViMGA
082 0 4 _aCo862.44 R62
100 1 _aRodriguez, Julia
_911105
245 1 0 _aSiriko y la Flauta /
_cRodriguez Julia
260 _aBogotá,
_cPanAméricana,
_c1996
300 _a28 p. il.
490 _aPrimer Acto : Teatro infantil y juvenil
590 _aForma de adquisición : donacion - - Proveedor : Biblioteca Luis Ángel Arango
650 1 4 _aTeatro escolar e infantil
_9159
650 1 4 _atiteres - obra
_911106
942 _2ddc
_cBK
999 _c20084
_d20084